| 000 | 00360nam a2200145Ia 4500 | ||
|---|---|---|---|
| 008 | 191201s2009 xx 000 0 und d | ||
| 082 |
_a658.5 _bKUO |
||
| 100 | _aKUMAR,Niraj | ||
| 245 | 0 | _aOrganizational Behaviour Concept, Theory | |
| 250 | _a1st | ||
| 260 |
_aN.Delhi _bHimalaya Publication House _c2009 |
||
| 300 | _a661 | ||
| 650 | _aMBA | ||
| 942 |
_2ddc _cBK |
||
| 999 |
_c4301 _d4301 |
||